Statistics for North America A-Z

Click here to take the quiz!

General Stats

  • This quiz has been taken 80 times
    (50 since last reset)
  • The average score is 20 of 26

Answer Stats

HintAnswer% Correct
QLargest Canadian provinceQuebec
100%
TTrinidad and _______Tobago
100%
VBritish _______ IslandsVirgin
98%
UHome state of the MormonsUtah
98%
PCanal used first in 1914Panama
98%
AAncient civilization in MexicoAztec
95%
OLake Toronto overseesOntario
95%
I"The Hoosier State"Indiana
95%
KCapital of JamaicaKingston
95%
SVincent, Lucia, Kitts, Martin etc.Saint
93%
L"The Sin City"Las Vegas
91%
EOnly country that does not
oversee the Atlantic Ocean
El Salvador
89%
GMajor island that belongs to
Denmark but is in North America
Greenland
89%
RRange in that stretches from
New Mexico to Canada
Rockies
86%
NLargest U.S. Indian reservationNavajo
82%
DLesser Antilles countryDominica
80%
YWhitehorse is its capitalYukon
80%
MCapital of NicaraguaManagua
77%
CDutch island in the CaribbeanCuraçao
66%
WMajor Canadian lakeWinnipeg
66%
BLargest urban area of BelizeBelize City
64%
JFirst British settlement in the U.S.Jamestown
52%
FEntry strait into the Gulf of MexicoFlorida
52%
HCity famous for its Malecón areaHavana
48%
XCapital of Veracruz, MexicoXalapa
18%
ZChiapas rebels that have warred
with Mexico since 1994
Zapatistas
14%

Score Distribution

Percentile by Number Answered

Percent of People with Each Score

Your Score History

You have not taken this quiz since the last reset